000
00270nam a22001217a 4500
008
181220b xxu||||| |||| 00| 0 eng d
041
_a
eng
080
_a
616.073
100
_a
6
101
_a
RAD
245
_a
Handbook of Clinical Audiology
_c
Katz,J
942
_2
udc
_c
BK
999
_c
53546
_d
53546